La música de la Academia de Artillería en Francia (Record no. 165434)

MARC details
000 -LEADER
campo de control de longitud fija 00924nam a2200205 i 4500
001 - NÚMERO DE CONTROL
campo de control 165434
003 - IDENTIFICADOR DE NÚMERO DE CONTROL
campo de control ES-MaACL
005 - FECHA Y HORA DE LA ÚLTIMA TRANSACCIÓN
campo de control 20250824005524.0
008 - DATOS DE LONGITUD FIJA--INFORMACIÓN GENERAL
campo de control de longitud fija 000103s1897 sp |||| | spa d
040 ## - FUENTE DE CATALOGACIÓN
Centro catalogador/agencia de origen CCPB | B
Lengua de catalogación spa
Centro/agencia transcriptor CCPB | B
100 1# - ENTRADA PRINCIPAL--NOMBRE DE PERSONA
Nombre de persona Sirvent y Berganza, Juan.
9 (RLIN) 132772
245 13 - MENCIÓN DEL TÍTULO
Título La música de la Academia de Artillería en Francia
Resto del título : 15 de agosto de 1897 /
Mención de responsabilidad, etc. por Juan Sirvent y Berganza.
260 ## - PUBLICACIÓN, DISTRIBUCIÓN, ETC.
Lugar de publicación, distribución, etc. Madrid :
Nombre del editor, distribuidor, etc. [s.n.],
Fecha de publicación, distribución, etc. 1897 (
Fabricante Imprenta del Cuerpo de Artillería)
300 ## - DESCRIPCIÓN FÍSICA
Extensión 43 p. ;
Dimensiones 24 cm.
490 1# - MENCIÓN DE SERIE
Mención de serie Publicaciones del "Memorial de Artillería"
650 #4 - PUNTO DE ACCESO ADICIONAL DE MATERIA--TÉRMINO DE MATERIA
Término de materia o nombre geográfico como elemento de entrada Música militar-
Subdivisión geográfica Francia
9 (RLIN) 15410
830 0# - PUNTO DE ACCESO ADICIONAL DE SERIE-TÍTULO UNIFORME
Título uniforme Publicaciones del "Memorial de Artillería"
9 (RLIN) 181853
852 ## - LOCALIZACIÓN
Ubicación ES-MaACL
Número de control de estantería T-849-F-8
Nota libre -- Enc. hol. conservando la cub. original
-- -- Dedic. ms. de Adolfo Carrasco a la Biblioteca del Ateneo Científico y Literario
-- -- Enc. en un vol. facticio
Holdings
Estatus retirado Estado de pérdida Estado de daño No para préstamo Colección Biblioteca de origen Biblioteca actual Ubicación en estantería Fecha de adquisición Total de préstamos Signatura topográfica completa Código de barras Visto por última vez Precio de reemplazo Tipo de ítem Koha
        Colección de folletos Biblioteca del Ateneo de Madrid Biblioteca del Ateneo de Madrid Depósito folletos 17/01/2008   T-849-F-8 1173479 23/02/2023 23/02/2023 Folleto